Statistics for Supernatural Episodes Named After Zeppelin Tunes

Click here to take the quiz!

General Stats

  • This quiz has been taken 51 times
  • The average score is 4 of 6

Answer Stats

HintAnswer% Correct
First Episode of Season 2In My Time of Dying
68%
Season 2: Dean encounters a DjinnWhat Is and What Should Never Be
68%
Season 4: Sam's detoxWhen the Levee Breaks
59%
Season 5: Gods get together to stop the ApocalypseHammer of the Gods
57%
Season 5: Anna goes back in time to kill John and MaryThe Song Remains the Same
54%
Season 2: Sam thinks he sees angelsHouses of the Holy
51%

Score Distribution

Percentile by Number Answered

Percent of People with Each Score

Your Score History

You have not taken this quiz